Städte und Gemeinden Vogtlandkreis - Statistiken

Allgemein
  • Dieses Quiz wurde 86 mal gespielt
  • Das Durchschnittsergebnis liegt bei 12 aus 37
Antwortstatistiken
Einwohner:innenzahl Kommune % Korrekt
64.763 Plauen
98%
20.371 Reichenbach im Vogtland
83%
7764 Klingenthal
78%
17.759 Auerbach/Vogtland
70%
4729 Adorf/Vogtland
68%
9951 Oelsnitz/Vogtland
63%
3644 Bad Elster
55%
7237 Markneukirchen
53%
1712 Bad Brambach
48%
2997 Schöneck/Vogtland
45%
7013 Lengenfeld
43%
6451 Rodewisch
40%
2436 Pöhl
35%
2531 Ellefeld
33%
3738 Elsterberg
33%
7704 Treuen
30%
5700 Weischlitz
28%
945 Bergen
25%
3756 Netzschkau
25%
1474 Werda
25%
4027 Rosenbach/Vogtland
20%
1693 Grünbach
18%
1401 Limbach
15%
2887 Muldenhammer
15%
2045 Neuensalz
15%
2915 Neumark
15%
972 Neustadt/Vogtland
15%
1073 Bösenbrunn
13%
1004 Theuma
10%
1138 Eichigt
8%
7692 Falkenberg
8%
4745 Pausa-Mühltroff
8%
1367 Tirpersdorf
8%
1187 Triebel/Vogtland
8%
1945 Heinsdorfergrund
3%
1236 Mühlental
3%
2664 Steinberg
3%
Keine übereinstimmenden Quizze gefunden
Verteilung der Resultate
Anzahl Personen mit jedem Resultat
Perzentil nach korrekt beantworteten Fragen
Ihre Resultats-Entwicklung
Sie haben dieses Quiz noch nicht gespielt